Statistiques concernant Habitants du village d'Astérix

Cliquez ici pour prendre le quiz!

Statistiques générales

  • Ce quiz a été pris 962 fois
  • Le résultat moyen est 10 sur 12

Statistiques - réponses

QuestionTuileSelect% Correct
personnages du village d'Astérix.PanoramixOui
100%
personnages du village d'Astérix.AbraracourcixOui
99%
personnages du village d'Astérix.MaloradiusNon
98%
personnages du village d'Astérix.CésarNon
97%
personnages du village d'Astérix.BonemineOui
94%
personnages du village d'Astérix.TuprentrodrixNon
94%
personnages du village d'Astérix.DenlamatrixNon
93%
personnages du village d'Astérix.DroldemenixNon
90%
personnages du village d'Astérix.AgecanonixOui
89%
personnages du village d'Astérix.CétautomatixOui
88%
personnages du village d'Astérix.JolitoraxNon
84%
personnages du village d'Astérix.FalbalaNon
22%

Distribution des résultats

Percentile par nombre de réponses

% des personnes avec chaque résultat

Votre développement - résultats

Vous n’avez pas pris ce quiz